<?xml version="1.0" encoding="UTF-8"?>
<record
    xmlns:xsi="http://www.w3.org/2001/XMLSchema-instance"
    xsi:schemaLocation="http://www.loc.gov/MARC21/slim http://www.loc.gov/standards/marcxml/schema/MARC21slim.xsd"
    xmlns="http://www.loc.gov/MARC21/slim">

  <leader>04530    a2200325   4500</leader>
  <controlfield tag="003">NALT</controlfield>
  <controlfield tag="005">20251027125747.0</controlfield>
  <controlfield tag="008">250610b        th ||||| |||| 00| 0 tha d</controlfield>
  <datafield tag="020" ind1=" " ind2=" ">
    <subfield code="a">9786164344280</subfield>
  </datafield>
  <datafield tag="040" ind1=" " ind2=" ">
    <subfield code="a">&#xE4C;NALT</subfield>
  </datafield>
  <datafield tag="041" ind1="1" ind2=" ">
    <subfield code="a">tha</subfield>
    <subfield code="h">eng</subfield>
  </datafield>
  <datafield tag="050" ind1=" " ind2=" ">
    <subfield code="a">BF 632.5</subfield>
    <subfield code="b">&#xE2D;773&#xE23; 2568</subfield>
  </datafield>
  <datafield tag="100" ind1="1" ind2=" ">
    <subfield code="a">&#xE2D;&#xE35;&#xE41;&#xE27;&#xE19;&#xE2A;&#xE4C;, &#xE41;&#xE1E;&#xE17;&#xE23;&#xE34;&#xE40;&#xE0B;&#xE35;&#xE22; </subfield>
    <subfield code="9">66026</subfield>
  </datafield>
  <datafield tag="245" ind1="1" ind2="0">
    <subfield code="a">&#xE23;&#xE39;&#xE49;&#xE17;&#xE31;&#xE19;&#xE27;&#xE34;&#xE18;&#xE35;&#xE04;&#xE27;&#xE1A;&#xE04;&#xE38;&#xE21;&#xE04;&#xE19; : &#xE27;&#xE34;&#xE18;&#xE35;&#xE23;&#xE31;&#xE1A;&#xE23;&#xE39;&#xE49; &#xE40;&#xE02;&#xE49;&#xE32;&#xE43;&#xE08; &#xE41;&#xE25;&#xE30;&#xE23;&#xE31;&#xE1A;&#xE21;&#xE37;&#xE2D;&#xE01;&#xE31;&#xE1A;&#xE1C;&#xE39;&#xE49;&#xE04;&#xE19;&#xE17;&#xE35;&#xE48;&#xE1E;&#xE22;&#xE32;&#xE22;&#xE32;&#xE21;&#xE04;&#xE27;&#xE1A;&#xE04;&#xE38;&#xE21;&#xE04;&#xE38;&#xE13; = </subfield>
    <subfield code="b">Controlling people : how to recognize, understand, and deal with people who try to control you/</subfield>
    <subfield code="c">&#xE2D;&#xE35;&#xE41;&#xE27;&#xE19;&#xE2A;&#xE4C;, &#xE41;&#xE1E;&#xE17;&#xE23;&#xE34;&#xE40;&#xE0B;&#xE35;&#xE22;, &#xE40;&#xE02;&#xE35;&#xE22;&#xE19; ; &#xE41;&#xE1E;&#xE23;&#xE27;&#xE32; &#xE1E;&#xE07;&#xE29;&#xE4C;&#xE40;&#xE1E;&#xE47;&#xE07;, &#xE41;&#xE1B;&#xE25;.</subfield>
  </datafield>
  <datafield tag="246" ind1="3" ind2="1">
    <subfield code="a">Controlling people : </subfield>
    <subfield code="b">how to recognize, understand, and deal with people who try to control you.</subfield>
  </datafield>
  <datafield tag="246" ind1="1" ind2="8">
    <subfield code="a">&#xE23;&#xE39;&#xE49;&#xE17;&#xE31;&#xE19;&#xE27;&#xE34;&#xE18;&#xE35;&#xE04;&#xE27;&#xE1A;&#xE04;&#xE38;&#xE21;&#xE04;&#xE19;.</subfield>
  </datafield>
  <datafield tag="260" ind1=" " ind2=" ">
    <subfield code="a">&#xE01;&#xE23;&#xE38;&#xE07;&#xE40;&#xE17;&#xE1E;&#xE2F; : </subfield>
    <subfield code="b">&#xE41;&#xE2D;&#xE23;&#xE4C;&#xE42;&#xE23;&#xE27;&#xE4C; &#xE21;&#xE31;&#xE25;&#xE15;&#xE34;&#xE21;&#xE35;&#xE40;&#xE14;&#xE35;&#xE22;,</subfield>
    <subfield code="c">2568.</subfield>
  </datafield>
  <datafield tag="300" ind1=" " ind2=" ">
    <subfield code="a">318 &#xE2B;&#xE19;&#xE49;&#xE32; ;</subfield>
    <subfield code="c">21 &#xE0B;&#xE21;.</subfield>
  </datafield>
  <datafield tag="505" ind1="2" ind2=" ">
    <subfield code="a">&#xE1A;&#xE17;&#xE19;&#xE33; -- &#xE2A;&#xE48;&#xE27;&#xE19;&#xE17;&#xE35;&#xE48; 1 -- &#xE1A;&#xE17;&#xE17;&#xE35;&#xE48; 1 &#xE40;&#xE2B;&#xE15;&#xE38;&#xE1C;&#xE25;&#xE41;&#xE25;&#xE30;&#xE04;&#xE27;&#xE32;&#xE21;&#xE44;&#xE23;&#xE49;&#xE40;&#xE2B;&#xE15;&#xE38;&#xE1C;&#xE25; -- &#xE1A;&#xE17;&#xE17;&#xE35;&#xE48; 2 &#xE1B;&#xE31;&#xE0D;&#xE2B;&#xE32; -- &#xE1A;&#xE17;&#xE17;&#xE35;&#xE48; 3 &#xE40;&#xE08;&#xE15;&#xE19;&#xE32; -- &#xE1A;&#xE17;&#xE17;&#xE35;&#xE48; 4 &#xE20;&#xE32;&#xE27;&#xE30;&#xE04;&#xE27;&#xE1A;&#xE04;&#xE38;&#xE21;&#xE15;&#xE31;&#xE27;&#xE40;&#xE2D;&#xE07;&#xE44;&#xE21;&#xE48;&#xE44;&#xE14;&#xE49; -- &#xE1A;&#xE17;&#xE17;&#xE35;&#xE48; 5 "&#xE15;&#xE31;&#xE27;&#xE15;&#xE19;" &#xE17;&#xE35;&#xE48; "&#xE2B;&#xE25;&#xE38;&#xE14;&#xE25;&#xE2D;&#xE22;" &#xE08;&#xE32;&#xE01;&#xE40;&#xE23;&#xE32;&#xE43;&#xE19;&#xE1A;&#xE32;&#xE07;&#xE04;&#xE23;&#xE31;&#xE49;&#xE07; -- &#xE1A;&#xE17;&#xE17;&#xE35;&#xE48; 6 &#xE01;&#xE32;&#xE23;&#xE15;&#xE31;&#xE14;&#xE02;&#xE32;&#xE14; : &#xE01;&#xE32;&#xE23;&#xE1D;&#xE36;&#xE01;&#xE1D;&#xE19; &#xE01;&#xE32;&#xE23;&#xE1E;&#xE22;&#xE32;&#xE22;&#xE32;&#xE21; &#xE41;&#xE25;&#xE30;&#xE1A;&#xE32;&#xE14;&#xE41;&#xE1C;&#xE25;&#xE17;&#xE32;&#xE07;&#xE08;&#xE34;&#xE15;&#xE43;&#xE08; -- &#xE1A;&#xE17;&#xE17;&#xE35;&#xE48; 7 &#xE01;&#xE32;&#xE23;&#xE22;&#xE49;&#xE2D;&#xE19;&#xE01;&#xE25;&#xE31;&#xE1A;&#xE17;&#xE35;&#xE48;&#xE16;&#xE39;&#xE01;&#xE2A;&#xE23;&#xE49;&#xE32;&#xE07; -- &#xE1A;&#xE17;&#xE17;&#xE35;&#xE48; 8 &#xE01;&#xE32;&#xE23;&#xE41;&#xE2A;&#xE23;&#xE49;&#xE07;&#xE17;&#xE33;&#xE41;&#xE25;&#xE30;&#xE1C;&#xE25;&#xE01;&#xE23;&#xE30;&#xE17;&#xE1A; -- &#xE1A;&#xE17;&#xE17;&#xE35;&#xE48; 9 &#xE01;&#xE32;&#xE23;&#xE15;&#xE31;&#xE14;&#xE02;&#xE32;&#xE14;&#xE17;&#xE35;&#xE48;&#xE41;&#xE1E;&#xE23;&#xE48;&#xE2B;&#xE25;&#xE32;&#xE22; -- &#xE1A;&#xE17;&#xE17;&#xE35;&#xE48; 10 &#xE01;&#xE32;&#xE23;&#xE40;&#xE02;&#xE49;&#xE32;&#xE2B;&#xE32;&#xE41;&#xE1A;&#xE1A;&#xE22;&#xE49;&#xE2D;&#xE19;&#xE01;&#xE25;&#xE31;&#xE1A; -- &#xE1A;&#xE17;&#xE17;&#xE35;&#xE48; 11 &#xE01;&#xE32;&#xE23;&#xE40;&#xE0A;&#xE37;&#xE48;&#xE2D;&#xE21;&#xE42;&#xE22;&#xE07;&#xE41;&#xE1A;&#xE1A;&#xE22;&#xE49;&#xE2D;&#xE19;&#xE01;&#xE25;&#xE31;&#xE1A; -- &#xE1A;&#xE17;&#xE17;&#xE35;&#xE48; 12 &#xE40;&#xE17;&#xE47;&#xE14;&#xE14;&#xE35;&#xE43;&#xE19;&#xE20;&#xE32;&#xE1E;&#xE25;&#xE27;&#xE07;&#xE15;&#xE32; -- &#xE1A;&#xE17;&#xE17;&#xE35;&#xE48; 13 &#xE21;&#xE19;&#xE15;&#xE23;&#xE4C;&#xE2A;&#xE30;&#xE01;&#xE14; -- &#xE1A;&#xE17;&#xE17;&#xE35;&#xE48; 14 &#xE01;&#xE32;&#xE23;&#xE40;&#xE0A;&#xE37;&#xE48;&#xE2D;&#xE21;&#xE42;&#xE22;&#xE07;&#xE40;&#xE0A;&#xE34;&#xE07;&#xE04;&#xE27;&#xE1A;&#xE04;&#xE38;&#xE21; -- &#xE1A;&#xE17;&#xE17;&#xE35;&#xE48; 15 &#xE1C;&#xE39;&#xE49;&#xE04;&#xE27;&#xE1A;&#xE04;&#xE38;&#xE21;&#xE41;&#xE25;&#xE30;&#xE1E;&#xE22;&#xE32;&#xE19; -- &#xE2A;&#xE48;&#xE27;&#xE19;&#xE17;&#xE35;&#xE48; 2 -- &#xE1A;&#xE17;&#xE17;&#xE35;&#xE48; 16 &#xE01;&#xE32;&#xE23;&#xE40;&#xE0A;&#xE37;&#xE48;&#xE2D;&#xE21;&#xE15;&#xE48;&#xE2D;&#xE41;&#xE25;&#xE30;&#xE44;&#xE23;&#xE49;&#xE2D;&#xE33;&#xE19;&#xE32;&#xE08; -- &#xE1A;&#xE17;&#xE17;&#xE35;&#xE48; 17 &#xE2A;&#xE31;&#xE0D;&#xE0D;&#xE32;&#xE13;&#xE02;&#xE2D;&#xE07;&#xE01;&#xE32;&#xE23;&#xE41;&#xE22;&#xE01;&#xE15;&#xE31;&#xE27; -- &#xE1A;&#xE17;&#xE17;&#xE35;&#xE48; 18 &#xE1B;&#xE31;&#xE0D;&#xE2B;&#xE32;&#xE2D;&#xE31;&#xE15;&#xE25;&#xE31;&#xE01;&#xE29;&#xE13;&#xE4C;&#xE02;&#xE2D;&#xE07;&#xE1C;&#xE39;&#xE49;&#xE04;&#xE27;&#xE1A;&#xE04;&#xE38;&#xE21; -- &#xE1A;&#xE17;&#xE17;&#xE35;&#xE48; 19 &#xE04;&#xE27;&#xE32;&#xE21;&#xE01;&#xE25;&#xE31;&#xE27; -- &#xE1A;&#xE17;&#xE17;&#xE35;&#xE48; 20 &#xE01;&#xE25;&#xE22;&#xE38;&#xE17;&#xE18;&#xE4C;&#xE01;&#xE32;&#xE23;&#xE04;&#xE27;&#xE1A;&#xE04;&#xE38;&#xE21; -- &#xE1A;&#xE17;&#xE17;&#xE35;&#xE48; 21 &#xE01;&#xE32;&#xE23;&#xE2A;&#xE23;&#xE49;&#xE32;&#xE07;&#xE40;&#xE23;&#xE37;&#xE48;&#xE2D;&#xE07; -- &#xE2A;&#xE48;&#xE27;&#xE19;&#xE17;&#xE35;&#xE48; 3 -- &#xE1A;&#xE17;&#xE17;&#xE35;&#xE48; 22 &#xE01;&#xE32;&#xE23;&#xE40;&#xE0A;&#xE37;&#xE48;&#xE2D;&#xE21;&#xE42;&#xE22;&#xE07;&#xE17;&#xE35;&#xE48; "&#xE43;&#xE01;&#xE25;&#xE49;&#xE0A;&#xE34;&#xE14;" &#xE2D;&#xE37;&#xE48;&#xE19; &#xE46; -- &#xE1A;&#xE17;&#xE17;&#xE35;&#xE48; 23 &#xE04;&#xE27;&#xE32;&#xE21;&#xE04;&#xE34;&#xE14;&#xE40;&#xE1B;&#xE47;&#xE19;&#xE2B;&#xE19;&#xE36;&#xE48;&#xE07;&#xE40;&#xE14;&#xE35;&#xE22;&#xE27; &#xE41;&#xE25;&#xE30;&#xE01;&#xE32;&#xE23;&#xE40;&#xE0A;&#xE37;&#xE48;&#xE2D;&#xE21;&#xE42;&#xE22;&#xE07;&#xE41;&#xE1A;&#xE1A;&#xE04;&#xE25;&#xE49;&#xE2D;&#xE22;&#xE15;&#xE32;&#xE21; -- &#xE1A;&#xE17;&#xE17;&#xE35;&#xE48; 24 &#xE01;&#xE32;&#xE23;&#xE04;&#xE27;&#xE1A;&#xE04;&#xE38;&#xE21; : &#xE17;&#xE35;&#xE48;&#xE2A;&#xE37;&#xE1A;&#xE17;&#xE2D;&#xE14;&#xE41;&#xE25;&#xE30;&#xE40;&#xE1B;&#xE47;&#xE19;&#xE23;&#xE30;&#xE1A;&#xE1A; -- &#xE2A;&#xE48;&#xE27;&#xE19;&#xE17;&#xE35;&#xE48; 4 -- &#xE1A;&#xE17;&#xE17;&#xE35;&#xE48; 25 &#xE41;&#xE23;&#xE07;&#xE01;&#xE23;&#xE30;&#xE15;&#xE38;&#xE49;&#xE19;&#xE2D;&#xE31;&#xE19;&#xE17;&#xE23;&#xE07;&#xE1E;&#xE25;&#xE31;&#xE07; -- &#xE1A;&#xE17;&#xE17;&#xE35;&#xE48; 26 &#xE01;&#xE32;&#xE23;&#xE40;&#xE0A;&#xE37;&#xE48;&#xE2D;&#xE21;&#xE42;&#xE22;&#xE07;&#xE17;&#xE35;&#xE48;&#xE41;&#xE17;&#xE49;&#xE08;&#xE23;&#xE34;&#xE07; -- &#xE1A;&#xE17;&#xE17;&#xE35;&#xE48; 27 &#xE04;&#xE27;&#xE32;&#xE21;&#xE02;&#xE31;&#xE14;&#xE41;&#xE22;&#xE49;&#xE07;&#xE2D;&#xE31;&#xE19;&#xE41;&#xE1B;&#xE25;&#xE01;&#xE1B;&#xE23;&#xE30;&#xE2B;&#xE25;&#xE32;&#xE14;&#xE17;&#xE35;&#xE48;&#xE2A;&#xE38;&#xE14; -- &#xE1A;&#xE17;&#xE17;&#xE35;&#xE48; 28 &#xE01;&#xE32;&#xE23;&#xE17;&#xE33;&#xE25;&#xE32;&#xE22;&#xE21;&#xE19;&#xE15;&#xE23;&#xE4C;&#xE2A;&#xE30;&#xE01;&#xE14; -- &#xE1A;&#xE17;&#xE17;&#xE35;&#xE48; 29 &#xE04;&#xE27;&#xE32;&#xE21;&#xE0A;&#xE31;&#xE14;&#xE40;&#xE08;&#xE19; -- &#xE1A;&#xE17;&#xE17;&#xE35;&#xE48; 30 &#xE01;&#xE32;&#xE23;&#xE1B;&#xE23;&#xE31;&#xE1A;&#xE15;&#xE31;&#xE27;&#xE40;&#xE02;&#xE49;&#xE32;&#xE2B;&#xE32;&#xE41;&#xE23;&#xE07;&#xE01;&#xE23;&#xE30;&#xE15;&#xE38;&#xE49;&#xE19;&#xE2D;&#xE31;&#xE19;&#xE17;&#xE23;&#xE07;&#xE1E;&#xE25;&#xE31;&#xE07; -- &#xE1A;&#xE17;&#xE2A;&#xE48;&#xE07;&#xE17;&#xE49;&#xE32;&#xE22;.</subfield>
  </datafield>
  <datafield tag="650" ind1=" " ind2="4">
    <subfield code="a">&#xE01;&#xE32;&#xE23;&#xE04;&#xE27;&#xE1A;&#xE04;&#xE38;&#xE21; (&#xE08;&#xE34;&#xE15;&#xE27;&#xE34;&#xE17;&#xE22;&#xE32;) </subfield>
    <subfield code="9">63260</subfield>
  </datafield>
  <datafield tag="650" ind1=" " ind2="4">
    <subfield code="a">&#xE04;&#xE27;&#xE32;&#xE21;&#xE42;&#xE01;&#xE23;&#xE18;</subfield>
    <subfield code="9">22776</subfield>
  </datafield>
  <datafield tag="650" ind1=" " ind2="4">
    <subfield code="a">&#xE04;&#xE27;&#xE32;&#xE21;&#xE2A;&#xE31;&#xE21;&#xE1E;&#xE31;&#xE19;&#xE18;&#xE4C;&#xE23;&#xE30;&#xE2B;&#xE27;&#xE48;&#xE32;&#xE07;&#xE1A;&#xE38;&#xE04;&#xE04;&#xE25; </subfield>
    <subfield code="9">15756</subfield>
  </datafield>
  <datafield tag="653" ind1=" " ind2="4">
    <subfield code="a">&#xE1E;&#xE24;&#xE15;&#xE34;&#xE01;&#xE23;&#xE23;&#xE21;&#xE01;&#xE32;&#xE23;&#xE2B;&#xE25;&#xE2D;&#xE01;&#xE25;&#xE27;&#xE07;</subfield>
  </datafield>
  <datafield tag="700" ind1="1" ind2=" ">
    <subfield code="a">Evans, Patricia</subfield>
    <subfield code="9">66027</subfield>
  </datafield>
  <datafield tag="700" ind1="0" ind2=" ">
    <subfield code="a">&#xE41;&#xE1E;&#xE23;&#xE27;&#xE32; &#xE1E;&#xE07;&#xE29;&#xE4C;&#xE40;&#xE1E;&#xE47;&#xE07;</subfield>
    <subfield code="9">66029</subfield>
  </datafield>
  <datafield tag="942" ind1=" " ind2=" ">
    <subfield code="c">GB</subfield>
    <subfield code="2">lcc</subfield>
  </datafield>
  <datafield tag="996" ind1=" " ind2=" ">
    <subfield code="a">varee.k</subfield>
    <subfield code="b">LIBSTF</subfield>
    <subfield code="c">2025-06-10</subfield>
  </datafield>
  <datafield tag="996" ind1=" " ind2=" ">
    <subfield code="a">saiphon.d</subfield>
    <subfield code="b">CATSTF	</subfield>
    <subfield code="c">2025-06-11</subfield>
  </datafield>
  <datafield tag="999" ind1=" " ind2=" ">
    <subfield code="c">106874</subfield>
    <subfield code="d">106874</subfield>
  </datafield>
  <datafield tag="998" ind1=" " ind2=" ">
    <subfield code="j">111</subfield>
    <subfield code="k"> &#xE19;&#xE32;&#xE07;&#xE2A;&#xE32;&#xE27;&#xE1E;&#xE08;&#xE1E;&#xE34;&#xE13;  &#xE1E;&#xE23;&#xE21;&#xE40;&#xE2D;&#xE35;&#xE48;&#xE22;&#xE21;</subfield>
  </datafield>
  <datafield tag="952" ind1=" " ind2=" ">
    <subfield code="0">0</subfield>
    <subfield code="1">0</subfield>
    <subfield code="2">lcc</subfield>
    <subfield code="4">0</subfield>
    <subfield code="7">0</subfield>
    <subfield code="8">CGBL</subfield>
    <subfield code="a">NALT</subfield>
    <subfield code="b">NALT</subfield>
    <subfield code="c">GEN</subfield>
    <subfield code="d">2025-06-05</subfield>
    <subfield code="e">192</subfield>
    <subfield code="l">4</subfield>
    <subfield code="m">2</subfield>
    <subfield code="o">BF 632.5 &#xE2D;773&#xE23; 2568</subfield>
    <subfield code="p">3961215394</subfield>
    <subfield code="r">2025-11-04 00:00:00</subfield>
    <subfield code="s">2025-10-27</subfield>
    <subfield code="w">2025-06-05</subfield>
    <subfield code="y">GB</subfield>
  </datafield>
</record>
